| 000 | 00516nam a22002057a 4500 | ||
|---|---|---|---|
| 003 | OSt | ||
| 005 | 20140310184415.0 | ||
| 008 | 121113t xxu||||| |||| 00| 0 eng d | ||
| 020 | _a0439791014 | ||
| 050 |
_aPS 3553 _b.D752 2005 |
||
| 100 |
_aDowswell, Paul. _922161 |
||
| 245 |
_aTrue survival stories / _cPaul Dowswell. |
||
| 260 |
_aNew York : _bScholastic Inc., _c2005 |
||
| 300 | _a141 p. : | ||
| 521 | _aG6 | ||
| 526 | _c1080 | ||
| 650 | _aJuvenile Fiction | ||
| 942 |
_2lcc _cBK-SCHOLAS |
||
| 999 |
_c34145 _d34145 |
||